000 00639nam a2200205Ia 4500
003 GCL
008 140319s9999 xx 000 0 ara d
040 _aGCL /
_cGCL
082 0 4 _a239
_bس ر
100 1 _aسعيد حوى
245 1 0 _aالرسول صلى الله عليه وسلم /
_cسعيد حوى
260 _a[S.N] :
_bدار السلام للطباعة والنشر والتوزيع ،
_c1990
300 _a503 ص
490 _aدراسات منهجية هادفة
_v0
650 0 4 _aالسيرة النبوية
650 0 4 _aالانبياء
650 0 4 _aالاخلاق
650 0 4 _aالديانات
942 _2ddc
_cBK
999 _c27870
_d27870